Sobre ruedas
Na minha lista:
| Autor principal: | |
|---|---|
| Formato: | Livro |
| Idioma: | espanhol inglês |
| Publicado em: |
Santiago
SM Chile
2013
|
| Assuntos: | |
| Tags: |
Adicionar Tag
Sem tags, seja o primeiro a adicionar uma tag!
|
MARC
| LEADER | 00000cam a2200000 a 4500 | ||
|---|---|---|---|
| 001 | UCF9539 | ||
| 003 | CL-VaPUC | ||
| 008 | 131129e20130000cl |||||||||||||||||spa|d | ||
| 020 | |a 9789563494204 | ||
| 041 | 0 | 7 | |a spa |2 CL-VaPUC |
| 041 | 0 | 7 | |a eng |2 CL-VaPUC |
| 082 | 0 | 4 | |a Ch863 |b SOL |2 21 |
| 100 | 0 | |a Solar, Francisca |e author |9 571903 | |
| 245 | 1 | 0 | |a Sobre ruedas |
| 246 | 1 | 0 | |a On wheels |
| 300 | |a 31 p | ||
| 942 | |c BK | ||
| 945 | |d 20131129 12:34:00 |a cmena | ||
| 260 | |a Santiago |b SM Chile |c 2013 | ||
| 650 | 0 | |a Cuentos chilenos |9 308280 | |
| 650 | 0 | |a Cuentos infantiles |9 308044 | |
| 650 | 0 | |a Cuentos infantiles chilenos |9 308784 | |
| 583 | |a last modification |c 20131129 12:34:00 |k Rodrigo Vera | ||
| 999 | |c 353982 |d 353980 | ||